Métodos de verificación de balances y revisión de cuentas (Registro nro. 1832)
[ vista simple ]
| 000 -LEADER | |
|---|---|
| fixed length control field | 02277 a2200253 4500 |
| 001 - CONTROL NUMBER | |
| control field | 29282 |
| 005 - DATE AND TIME OF LATEST TRANSACTION | |
| control field | 20260407155602.0 |
| 008 - FIXED-LENGTH DATA ELEMENTS--GENERAL INFORMATION | |
| fixed length control field | 260407a1950 arg spa d |
| 003 - CONTROL NUMBER IDENTIFIER | |
| control field | AR-UNSa-BCEJYS |
| 040 ## - CATALOGING SOURCE | |
| Original cataloging agency | AR-UNSa-BCEJYS |
| Language of cataloging | spa |
| Transcribing agency | AR-UNSa-BCEJYS |
| 080 ## - UNIVERSAL DECIMAL CLASSIFICATION NUMBER | |
| Universal Decimal Classification number | 657.3 |
| Common auxiliary subdivision | Presupuestos. Cierre de Cuentas. Balances (Estados Contables) |
| 100 1# - MAIN ENTRY--PERSONAL NAME | |
| Personal name | Bacas, Paul E. |
| 245 10 - TITLE STATEMENT | |
| Title | Métodos de verificación de balances y revisión de cuentas |
| 264 #1 - PRODUCTION, PUBLICATION, DISTRIBUTION, MANUFACTURE, AND COPYRIGHT NOTICE | |
| Place of production, publication, distribution, manufacture | Barcelona : |
| Name of producer, publisher, distributor, manufacturer | Labor |
| Date of production, publication, distribution, manufacture, or copyright notice | 1950 |
| 300 ## - PHYSICAL DESCRIPTION | |
| Extent | 531 p. |
| Dimensions | 23 cm. |
| 505 ## - FORMATTED CONTENTS NOTE | |
| Formatted contents note | 1. El aspirante a contador público – 2. El contador público y su función - 3. Primeros pasos en la profesión. Ambiente en las oficinas de contadores públicos – 4. Expedientes de las intervenciones – 5. Proceso de la revisión – 6. Diferencias en balances de comprobación – 7. Balances de comprobación – 8. Proceso de verificación. Facturas de venta, devoluciones y bonificaciones – 9. Gastos pagados por anticipado – 10. Ventas al contado, fondos de caja, saldos en banco – 11. Justificantes de pago. Análisis de cuenta - 12. Razones que aconsejan la verificación – 13. Información preliminar antes de la verificación – 14. Estudio del control interno en la empresa – 15. Casos particulares y modo de completar la verificación – 16. Cartera de títulos. Valores inmateriales. Fondos especiales – 17. Cuentas personales deudoras – 18. Mercancías. Gastos diferidos – 19. Activo inmovilizado – 20. Cuentas personales acreedoras – 21. Reserva. Obligaciones eventuales – 22. Verificación completa: cuentas de productos – 23. Verificación completa: cuentas de gastos - 24. Actas. Contratos especiales – 25. Balance de situación e informe de resultados – 26. Certificación e informes – 27. Contabilidad de sucursales. Sociedades no anónimas. Consolidación de cuentas – 28. Preparacion de presupuestos de balance y resultados. |
| 590 ## - LOCAL NOTE (RLIN) | |
| Local note | niveau_biblio:m niveau_hierar:0 |
| 700 1# - ADDED ENTRY--PERSONAL NAME | |
| Personal name | Madden, John T. |
| 700 1# - ADDED ENTRY--PERSONAL NAME | |
| Personal name | Sanz Darnis, Luis |
| 700 1# - ADDED ENTRY--PERSONAL NAME | |
| Personal name | Sanz, Angel Andany |
| 700 1# - ADDED ENTRY--PERSONAL NAME | |
| Personal name | Rosenkampff, Arthur Henry |
| 856 41 - ELECTRONIC LOCATION AND ACCESS | |
| Uniform Resource Identifier | <a href="https://biblioeco.unsa.edu.ar/pmb/images/libros/Metodos de Verificacion de Balances y Revision de Cuentas-l22889.jpg">https://biblioeco.unsa.edu.ar/pmb/images/libros/Metodos de Verificacion de Balances y Revision de Cuentas-l22889.jpg</a> |
| Link text | Imagen de portada |
| Electronic format type | image/jpeg |
| 942 ## - ADDED ENTRY ELEMENTS (KOHA) | |
| Koha item type | |
| Withdrawn status | Lost status | Damaged status | Not for loan | Home library | Current library | Shelving location | Date acquired | Total checkouts | Full call number | Barcode | Date last seen | Price effective from | Koha item type |
|---|---|---|---|---|---|---|---|---|---|---|---|---|---|
| Biblioteca Prof. Eusebio Cleto del Rey | Biblioteca Prof. Eusebio Cleto del Rey | 07/04/2026 | 657.3 B116 | L22889 | 07/04/2026 | 07/04/2026 | Libro | ||||||
| Biblioteca Prof. Eusebio Cleto del Rey | Biblioteca Prof. Eusebio Cleto del Rey | 07/04/2026 | 657.3 B116 | L22890 | 07/04/2026 | 07/04/2026 | Libro |